| 000 | 00449 a2200133 4500 | ||
|---|---|---|---|
| 020 | _a0071447695 | ||
| 082 | _a624.15 DAY | ||
| 100 | _aDay, Robert W. | ||
| 245 |
_aFoundation engineering handbook : _bdesign and construction with the 2006 international building code / _cRobert W. Day. |
||
| 260 |
_aNew York : _bMcGraw-Hill, _c2006. |
||
| 300 |
_a1 v. (various pagings) : _bill. ; _c24 cm. |
||
| 650 | _aFoundations | ||
| 650 | _aSoil mechanics | ||
| 650 | _aStandards, Engineering | ||
| 999 |
_c1083 _d1083 |
||